000 00998cab a22002055a 4500
001 L154325
008 111114e20111104xxk 000 0 eng d
035 _a(Sirsi) u154325
041 0 _aeng
100 1 _aWhitmore, James
245 0 0 _aEurozone fears knock confidence in UK property
260 _c2011
490 0 _aProperty Week
_v77(44) 4 November 2011, 21(1)
520 _aSmith & Williamson's latest property survey shows a significant decline in confidence about the near-term outlook for the UK commercial property sector since last year as a result of uncertainty about the UK's economic future and the eurozone sovereign debt crisis. The survey indicates that the key issues facing property are the UK economic performance and the availability of bank finance.
590 _aKA
651 4 _aUnited Kingdom
_y
690 _aPROPERTY-COMMERCIAL PROPERTY-COMMERCIAL PROPERTY MARKET
690 _aPROPERTY-COMMERCIAL PROPERTY-COMMERCIAL PROPERTY FINANCE AND INVESTMENT
942 _n0
999 _c83576
_d83576